00361nam a2200133Ia 4500003000400000008004100004040001600045082001900061100002300080245005400103260003200157300000800189650003000197GCL140319s9999 xx 000 0 eng d aGCL / cGCL04a758.10942bR B1 aROSENTHAL, MICHAEL10aBRITISH LANDSCAPE PAINTING / cROSENTHAL, MICHAEL a[S.N] : bPHAIDON ، c1982 a18704aLANSCAPE PAINTING ENGLISH